000 00469nam a2200145Ia 4500
008 100204s9999 xx 000 0 und d
082 _b3688
100 _aक्षेत्रमाडे सुमती
245 _aअग्निदिव्य
260 _b"उदयदीप प्रकाशन , मुंबई"
_c1981
300 _a143
630 _aअग्निदिव्य
730 _aअग्निदिव्य
942 _cBOOK
999 _c465573
_d465570